| 000 | 01036nac a22002531u 4500 | ||
|---|---|---|---|
| 010 | _a 2000409954 | ||
| 020 | _a1412908442 (hbk.) | ||
| 020 | _a1412908450 (pbk.) | ||
| 035 | _a(OCoLC)ocm57484353 | ||
| 082 | 0 | 0 |
_a306.0711 _bMCR |
| 090 |
_c7059 _d7059 |
||
| 100 | _aMcRobbie, Angela. | ||
| 245 | 1 | 4 |
_aThe uses of cultural studies : _ba textbook / _cAngela McRobbie. |
| 260 |
_aLondon ; _aThousand Oaks, Calif. : _bSAGE,2005 _c2005. |
||
| 300 |
_a211 p. ; _c24 cm. |
||
| 500 | _adistributer: Al-Ahram | ||
| 504 | _aIncludes bibliographical references (p. [197]-203) and index. | ||
| 511 | _acatalogued by: wessam | ||
| 650 | 0 |
_aCulture _xStudy and teaching. |
|
| 856 | 4 | 2 |
_3Publisher description _uhttp://www.loc.gov/catdir/enhancements/fy0658/2000409954-d.html |
| 856 | 4 | 2 |
_3Table of contents only _uhttp://www.loc.gov/catdir/enhancements/fy0658/2000409954-t.html |
| 942 |
_cBB _k306.0711MCR |
||
| 999 |
_c7059 _d7059 |
||